zpět

Detail výsledku týmu

Hospoda U Stolínů, Nový Bydžov

Datum a čas kvízu

18.5 Celkem bodů Celkový počet nahraných bodů na tomto kvízu bez doplňovacích otázek.
6. Pořadí na kvízu Konečné umístění týmu na tomto kvízu.

Zaznamenané odpovědi

# Otázka Odpověď Body Výsledky
1. Symbolický poslední vozík s tu... Lazy 0
2. Prezident USA v úterý tradičně... Butter (Máslo), Bread (Chléb) 0
3. Část sbírek z jedné z nejslavn... Zelená klenba (Grünes Gewölbe) 0
4. Jak jste si jistě všimli, spol... Zlatuška 0
5. Čeští basketbalisté od minuléh... Uruguay, Turecko 1
6. V tomto tématu se podíváme na... korunní lístek 1
7. Časopis Květy je zřejmě nejsta... A 0
8. Nestorka českého ženského teni... Peschke 1
9. Z následujících rostlin vybert... D 0
10. Zřejmě nejslavnější českou fil... dědeček vycinkal 0